LEADER 02673oam 2200733M 450 001 9910715453203321 005 20191116082329.7 035 $a(CKB)5470000002511512 035 $a(OCoLC)1065547344 035 $a(OCoLC)995470000002511512 035 $a(EXLCZ)995470000002511512 100 $a20070221d1828 ua 0 101 0 $aeng 135 $aurcn||||||||| 181 $ctxt$2rdacontent 182 $cc$2rdamedia 183 $acr$2rdacarrier 200 10$aAmerican water-rotted hemp, &c. &c. Reports from the Navy Department, in relation to experiments on American water-rotted hemp, when made into canvass, cables, and cordage. January 18, 1828. Printed by order of the House of Representatives 210 1$a[Washington, D.C.] :$c[publisher not identified],$d1828. 215 $a1 online resource (35 pages) 225 1 $aHouse document / 20th Congress, 1st session. House ;$vno. 68 225 1 $a[United States congressional serial set ] ;$v[serial no. 171] 300 $aBatch processed record: Metadata reviewed, not verified. Some fields updated by batch processes. 300 $aFDLP item number not assigned. 606 $aAgriculture$xResearch 606 $aCanvas 606 $aGovernment publications$zUnited States 606 $aCordage industry 606 $aFlax 606 $aForeign trade promotion 606 $aForeign trade and employment 606 $aHemp 606 $aImports 606 $aMilitary supplies 606 $aNaval research 606 $aRope 606 $aShips$xEquipment and supplies 606 $aWarships 608 $aLegislative materials.$2lcgft 615 0$aAgriculture$xResearch. 615 0$aCanvas. 615 0$aGovernment publications 615 0$aCordage industry. 615 0$aFlax. 615 0$aForeign trade promotion. 615 0$aForeign trade and employment. 615 0$aHemp. 615 0$aImports. 615 0$aMilitary supplies. 615 0$aNaval research. 615 0$aRope. 615 0$aShips$xEquipment and supplies. 615 0$aWarships. 701 $aMartindale$b Henry Clinton$f1779?-1860$pAdams Democrat (NY)$01416055 712 02$aUnited States.$bBoard of Navy Commissioners. 801 0$bWYU 801 1$bWYU 801 2$bOCLCQ 801 2$bOCLCO 801 2$bOCLCQ 906 $aBOOK 912 $a9910715453203321 996 $aAmerican water-rotted hemp, &c. &c. Reports from the Navy Department, in relation to experiments on American water-rotted hemp, when made into canvass, cables, and cordage. January 18, 1828. Printed by order of the House of Representatives$93520005 997 $aUNINA